|
|
|
|
| LEADER |
00000nam0a2200000 4500 |
| 001 |
47738 |
| 005 |
20231101211115.0 |
| 035 |
|
|
|a (RuTPU)RU\TPU\book\49876
|
| 090 |
|
|
|a 47738
|
| 100 |
|
|
|a 20030220d1977 k y0rusy50 ca
|
| 101 |
0 |
|
|a rus
|
| 102 |
|
|
|a RU
|
| 105 |
|
|
|a ab z 001zy
|
| 200 |
1 |
|
|a Региональная геотектоника
|a [Вып. 2] : Внеальпийская Европа и Западная Азия
|f В. Е. Хаин
|
| 210 |
|
|
|a Москва
|c Недра
|d 1977
|
| 215 |
|
|
|a 359 с.
|c ил.
|e Прил.: 1 отд. л. карт
|
| 320 |
|
|
|a Библиогр. в конце глав.
|
| 320 |
|
|
|a Алф. указ.: с. 344-356.
|
| 330 |
|
|
|a Настоящая монография представляет собой продолжение сводки по тектонике материков (первая книга опубликована в 1971 г.). В данной книге освещено строение внеальпийской Европы (Восточно-Европейская платформа, Тимано-Печорская эпибайкальская плита, каледониды Северо-Западной Европы, герциниды Западной и Средней Европы и Урала, Мизийская и Скифская плиты) и части Западной Азии (Центральный Казахстан, Тянь-Шань и Туранская плита). Дается тектоническое районирование, структурная характеристика, анализ истории формирования этих основных тектонических единиц, рассматриваются важнейшие проблемы их происхождения. Книга рассчитана на геологов разных специальностей, географов, студентов и аспирантов геологических и географических факультетов вузов; она может служить также справочным материалом по геологии соответствующих материков и стран.
|
| 606 |
1 |
|
|a Геотектоника региональная
|2 stltpush
|3 (RuTPU)RU\TPU\subj\6229
|9 34163
|
| 610 |
1 |
|
|a геология
|
| 610 |
1 |
|
|a геотектоника
|
| 610 |
1 |
|
|a тектоника
|
| 610 |
1 |
|
|a регионы
|
| 610 |
1 |
|
|a Европа
|
| 610 |
1 |
|
|a Западная Азия
|
| 610 |
1 |
|
|a рельеф
|
| 610 |
1 |
|
|a геологическая изученность
|
| 610 |
1 |
|
|a Балтийский щит
|
| 610 |
1 |
|
|a Украинский щит
|
| 610 |
1 |
|
|a Русская плита
|
| 610 |
1 |
|
|a каледониды
|
| 610 |
1 |
|
|a палеозоиды
|
| 610 |
1 |
|
|a Урал
|
| 610 |
1 |
|
|a Тянь-Шань
|
| 675 |
|
|
|a 551.24(4/9)
|v 3
|
| 700 |
|
1 |
|a Хаин
|b В. Е.
|g Виктор Ефимович
|
| 801 |
|
1 |
|a RU
|b 63413507
|c 20030220
|g PSBO
|
| 801 |
|
2 |
|a RU
|b 63413507
|c 20150325
|g PSBO
|
| 942 |
|
|
|c BK
|